000 00719nam a2200253Ia 4500
003 OSt
005 20220928115222.0
006 a|||||r|||| 00| 0
007 ta
008 220927b |||||||| |||| 00| 0 eng d
020 _c2013.79
024 _a124920
037 _b018, 01/10/2014, Excel Book International
_cTextual
040 _aSDCL
_cSDCL
_beng
041 _2eng
_aeng
082 _aR:(Q7), Q4
100 _aJackson Roy
_9443406
245 0 _aWhat is Islamic philosophy ?
260 _aLondon
_bRoutledge
_c2014
300 _ax;190p.
_ccm.
650 _aPhilosophy
942 _hR:(Q7), Q4
_cTEXL
_2CC
999 _c758551
_d758551